=LDR 00000nam 2200000 4500 =001 INLIS000000000029051 =005 20130612131320 =008 ***********************************Ind** =035 ##$$0010-061300000029051 =041 ##$$a Ind =082 ##$$a 297.73 =090 ##$$a 297.73, Alr f =100 ##$$a Al-Rasyidin =245 ##$$a Filsafat pendidikan islam, pendekatan historis, teoritis dan praktis, Al-Rasyidin, Samsul Nizar =260 ##$$a 2005 $b Jakarta =300 ##$$a xiii, 191 hlm., 21 cm =650 ##$$a Filsafat islam =700 ##$$a Nizar, Samsul =850 ##$$a NBPNMAT